Представление документа в формате MARC21

ПолеНазваниеЗначение
  Тип записи a
  Библиографический уровень m
001 Контрольный номер RU\infra-m\znanium\bibl\2235088
005 Дата корректировки 20260429142219.9
008 Кодируемые данные 260120s2025 RU g rus u
020 Индекс ISBN __
a ISBN 978-5-6042320-5-7
040 Источник каталогиз. __
a Служба первич. каталог. Общество с ограниченной ответственностью «ЗНАНИУМ»
041 Код языка издания __
a Код языка текста rus
044 Код страны публикации __
a Код страны публикации RU
080 Индекс УДК __
a Индекс УДК 331
080 Индекс УДК __
a Индекс УДК 622
084 Индекс другой классификации/Индекс ББК __
2 Источник индекса rubbk
a Индекс другой классификации/Индекс ББК 30
084 Индекс другой классификации/Индекс ББК __
2 Источник индекса rubbk
a Индекс другой классификации/Индекс ББК 6524
084 Индекс другой классификации/Индекс ББК __
2 Источник индекса okso
a Индекс другой классификации/Индекс ББК 21.04.01
084 Индекс другой классификации/Индекс ББК __
2 Источник индекса okso
a Индекс другой классификации/Индекс ББК 38.04.01
084 Индекс другой классификации/Индекс ББК __
2 Источник индекса okso
a Индекс другой классификации/Индекс ББК 38.04.02
084 Индекс другой классификации/Индекс ББК __
2 Источник индекса okso
a Индекс другой классификации/Индекс ББК 38.04.03
100 Автор __
a Автор Захаров П.
q Полное имя Захаров Павел
245 Заглавие __
a Заглавие Культура безопасности труда: Человеческий фактор в ракурсе международных практик
b Продолж. заглавия Практическое пособие
250 Сведения об издании __
a Основные сведения об издании 1
260 Выходные данные __
a Место издания Москва
b Издательство Интеллектуальная Литература
c Дата издания 2026
300 Физическое описание __
a Объем 130 с.
520 Аннотация __
a Аннотация Важнейшая проблема угрожающая показателям безопасности труда любого производства — пресловутый «человеческий фактор». Почему люди оказываются в больницах? Какова роль руководителей предприятий в обеспечении врачей работой а страховых компаний—доходами? В результате чьих действий ваша компания терпит существенные убытки? Наконец как этого избежать? Авторы практики-экспериментаторы с безусловной репутацией профессионалов на страницах этой книги обобщают практический опыт по обеспечению производственной безопасности в нефтяной и газовой промышленности в России и за рубежом. Прочитав эту книгу вы приобретете набор инструментов и понятий доказавших свою эффективность в снижении травматизма и аварийности в организациях и способствующих формированию достойной культуры безопасности.
521 Примеч. о цел. назн. __
a Примеч. о целев. назн. Дополнительное профессиональное образование
650 Тематические рубрики __
a Основная рубрика Промышленность. Энергетика
x Основная подрубрика Безопасность труда в промышленности
655 Указ. предметных рубрик (устаревшее) __
a Жанр/ форма (устаревшее) Практическое пособие
700 Другие авторы __
a Другие авторы Пересыпкин С.
q Полное имя Пересыпкин Сергей
856 Электронный адрес документа 4_
a Имя сервера/домена znanium.ru
m Помощь ebs_support@infra-m.ru
n Местонахождение сервера НИЦ ИНФРА-М
u URL https://znanium.ru/catalog/document?id=473465
856 Электронный адрес документа 48
a Имя сервера/домена znanium.ru
d Путь /cover/2235
f Электронное имя 2235088.jpg
q Тип электронного формата image/jpeg
u URL https://znanium.ru/cover/2235/2235088.jpg
911 __
u 0030=https://znanium.ru/catalog/document?id=473465